| 000 | 00805nam a22002417a 4500 | ||
|---|---|---|---|
| 001 | 1511 | ||
| 005 | 20231002084146.0 | ||
| 020 | _a9789924341178 | ||
| 040 |
_aFISKH _beng _cFISKH _dFISKH |
||
| 082 | _a959.6 | ||
| 100 | _aBrunon, Paul | ||
| 245 | _aLes khmers / | ||
| 260 |
_aPhnom Penh : _bSipar, _c2021. |
||
| 300 |
_a44 pages : _bcolor illustrations ; _c20 cm |
||
| 490 |
_aje voudrais savoir _vvolume 2 |
||
| 505 | _aZ' | ||
| 520 | _aThe Khmers Part 2, from 15th – 1953 describes significant historical events from the 15th century until Cambodia received independence. It is divided by reigns and period. | ||
| 521 |
_a1000
_bLexile estimate |
||
| 521 |
_aZ'
_bRaz-Plus |
||
| 650 |
_aHistory _vReign _xArchitect |
||
| 700 |
_aSovanrith, Khun _cillustrator |
||
| 942 |
_2ddc _cBK _n0 |
||
| 999 |
_c1511 _d1511 |
||